[Event "Open A"]
[Site "Livigno ITA"]
[Date "2010.09.18"]
[Round "9"]
[White "Raineri, Valerio"]
[Black "Damia, Angelo"]
[WhiteElo "2114"]
[BlackElo "2287"]
[Result "0-1"]
[PlyCount "100"]
[EventDate "2010.09.10"]

1. e4 c5 2. Nf3 a6 3. d4 cxd4 4. Nxd4 Nf6 5. Bd3 e5 6. Nb3 Nc6 7. O-O d6 8. Nc3
Be7 9. Be3 Be6 10. Qe2 O-O 11. h3 Rc8 12. Nd2 b5 13. a3 Na5 14. Nd1 Nc4 15. b3
Nxe3 16. Nxe3 g6 17. g4 h5 18. f3 Kg7 19. a4 Qb6 20. Kg2 Nh7 21. Qf2 Qd4 22.
axb5 Bg5 23. Nec4 axb5 24. Na5 Qc3 25. Rfd1 Ra8 26. b4 Qxb4 27. Ndb3 Rfc8 28.
Qb6 Bd8 29. Nc6 Bxb6 30. Nxb4 Bxb3 31. cxb3 Rxa1 32. Rxa1 Rc3 33. Nd5 Rxd3 34.
Nxb6 h4 35. Nc8 Ng5 36. Rf1 Rxb3 37. Nxd6 Rb2+ 38. Rf2 Rxf2+ 39. Kxf2 Nxh3+ 40.
Kf1 b4 41. Nc4 b3 42. Nb2 g5 43. Ke1 Nf4 44. Kd2 h3 45. Nd1 b2 46. Kc2 h2 47.
Nf2 Nd3 48. Nh1 Kf6 49. Kb1 Ke6 50. Kc2 Kd6 0-1

[Event "Open A"]
[Site "Livigno ITA"]
[Date "2010.09.18"]
[Round "9"]
[White "Shachar, Ehud"]
[Black "Aguettaz, Maxime"]
[WhiteElo "2353"]
[BlackElo "2412"]
[Result "1/2-1/2"]
[PlyCount "62"]
[EventDate "2010.09.10"]

1. e4 c5 2. Nf3 d6 3. c3 Nf6 4. Be2 Nbd7 5. d3 g6 6. O-O Bg7 7. Re1 b6 8. Bf1
Bb7 9. Nbd2 O-O 10. a4 Rc8 11. Nc4 d5 12. exd5 Nxd5 13. Bg5 h6 14. Bh4 N7f6 15.
Nfe5 Nf4 16. Bxf6 exf6 17. Ng4 f5 18. Nge3 Rc7 19. Qd2 Ne6 20. Nc2 h5 21. Ne5
Qd5 22. Nf3 Qd6 23. Na3 Rd7 24. Nc4 Qd5 25. Nce5 Rdd8 26. h4 Rfe8 27. Rad1 Qd6
28. Nc4 Qd5 29. Nce5 Qd6 30. Nc4 Qd5 31. Nce5 Qd6 1/2-1/2

[Event "Open A"]
[Site "Livigno ITA"]
[Date "2010.09.18"]
[Round "9"]
[White "Weisbuch, Udi"]
[Black "Bentivegna, Francesco"]
[WhiteElo "2306"]
[BlackElo "2360"]
[Result "1-0"]
[PlyCount "79"]
[EventDate "2010.09.10"]

1. e4 e5 2. Nf3 Nc6 3. Nc3 Nf6 4. g3 Bc5 5. Bg2 d6 6. d3 Nd4 7. h3 Be6 8. Na4
Nxf3+ 9. Qxf3 Bb4+ 10. c3 Ba5 11. b4 Qd7 12. Qd1 Bb6 13. d4 exd4 14. Nxb6 axb6
15. Qxd4 O-O 16. Bg5 c5 17. Qd2 Bc4 18. Bxf6 gxf6 19. f4 Ra3 20. Kf2 Rfa8 21.
Rhb1 f5 22. bxc5 bxc5 23. exf5 Qxf5 24. Rxb7 Re8 25. Kg1 d5 26. Re1 Raa8 27. a4
Rad8 28. a5 Qc8 29. Rb6 Rxe1+ 30. Qxe1 Re8 31. Qb1 Kg7 32. f5 Kg8 33. a6 Qc7
34. a7 Qxa7 35. f6 Qc7 36. Kh2 Qe5 37. Qc1 Qh5 38. Qe3 Rf8 39. Qxc5 h6 40.
Qxf8+ 1-0

[Event "VII Open Settembre Vomero"]
[Site "Napoli ITA"]
[Date "2010.09.10"]
[Round "1"]
[White "Accardo, Francesco"]
[Black "Sparice, Lorenzo"]
[WhiteElo "1870"]
[BlackElo "1386"]
[Result "1-0"]
[PlyCount "45"]
[EventDate "2010.09.10"]

1. g4 Nf6 2. g5 Nd5 3. Bg2 c6 4. d3 Nf4 5. Bxf4 d6 6. h4 e5 7. Bg3 b6 8. c4 a6
9. b4 d5 10. Qb3 Bd6 11. cxd5 Bb7 12. Nc3 Qe7 13. e3 f6 14. Nf3 c5 15. b5 a5
16. O-O-O Nd7 17. Nd2 fxg5 18. hxg5 Qxg5 19. Qc4 Qe7 20. Nce4 Bxd5 21. Nxd6+
Kf8 22. Qxd5 Nf6 23. Qxa8+ 1-0

[Event "VII Open Settembre Vomero"]
[Site "Napoli ITA"]
[Date "2010.09.10"]
[Round "1"]
[White "Bevilacqua, Michele"]
[Black "Cangiano, Federico"]
[WhiteElo "1820"]
[BlackElo "1960"]
[Result "0-1"]
[PlyCount "104"]
[EventDate "2010.09.10"]

1. e4 e6 2. d4 d5 3. e5 c5 4. c3 Nc6 5. Nf3 Bd7 6. Bd3 Rc8 7. O-O cxd4 8. cxd4
Nb4 9. a3 Nxd3 10. Qxd3 Ne7 11. Bg5 Qb6 12. Qd2 Nc6 13. b4 a5 14. Nc3 axb4 15.
axb4 Bxb4 16. Rfb1 Bxc3 17. Qxc3 Qc7 18. Qc5 h6 19. Bh4 g5 20. Bg3 Nb8 21. Qb4
Bc6 22. h4 g4 23. Nh2 h5 24. f4 Qe7 25. Qd2 O-O 26. Rf1 Bd7 27. Rf2 Rc7 28. Nf1
Rfc8 29. Ne3 Nc6 30. f5 Qb4 31. fxe6 Bxe6 32. Qxb4 Nxb4 33. Ra7 Nc6 34. Ra4 b5
35. Ra6 Rb7 36. Rb2 Nxd4 37. Rd6 b4 38. Nxd5 Bxd5 39. Rxd5 Rc2 40. Rb1 Ne2+ 41.
Kh2 Nxg3 42. Kxg3 b3 43. Kf4 b2 44. Rdd1 Rxg2 45. Kg5 Kg7 46. Kxh5 Rb6 47. Rd6
Rb5 48. Kg5 Rxe5+ 49. Kf4 Rb5 50. Rd4 Rc2 51. Rdd1 Rb4+ 52. Kg5 Rc5+ 0-1

[Event "VII Open Settembre Vomero"]
[Site "Napoli ITA"]
[Date "2010.09.10"]
[Round "1"]
[White "De Biase, Arcangelo"]
[Black "Della Corte, Alessandro"]
[WhiteElo "1867"]
[BlackElo "2261"]
[Result "0-1"]
[PlyCount "60"]
[EventDate "2010.09.10"]

1. d4 Nf6 2. c4 c5 3. d5 b5 4. e3 e6 5. Nf3 Bb7 6. dxe6 fxe6 7. Be2 bxc4 8.
Bxc4 Nc6 9. O-O d5 10. Bb5 Bd6 11. Qa4 Qc7 12. Nc3 O-O 13. h3 Kh8 14. Qc2 e5
15. Ng5 Nd8 16. Qf5 h6 17. Nf3 e4 18. Nh4 Bc8 19. Qg6 Nf7 20. f4 exf3 21. Nxf3
c4 22. Rd1 Bb7 23. Bd2 Ne4 24. Nxe4 dxe4 25. Nd4 Ne5 26. Qh5 Rf6 27. Rf1 Rg6
28. Kh1 Rg5 29. Qe2 Bd5 30. Bc3 Bc5 0-1

[Event "VII Open Settembre Vomero"]
[Site "Napoli ITA"]
[Date "2010.09.10"]
[Round "1"]
[White "De Rosa, Francesco"]
[Black "Angelotti, Mario"]
[WhiteElo "1994"]
[BlackElo "1845"]
[Result "1-0"]
[PlyCount "55"]
[EventDate "2010.09.10"]

1. e4 d6 2. d4 Nf6 3. Nc3 g6 4. Nf3 c6 5. h3 Bg7 6. Bf4 Nh5 7. Be3 b5 8. e5 f5
9. Qd2 Rf8 10. Bh6 Be6 11. Bxg7 Nxg7 12. Qh6 Rg8 13. d5 cxd5 14. Bxb5+ Nd7 15.
Qxh7 a6 16. Ba4 Qc7 17. O-O O-O-O 18. exd6 Qxd6 19. Bxd7+ Kxd7 20. Rad1 Nh5 21.
Rfe1 Nf4 22. Ng5 Rh8 23. Rxe6 Nxe6 24. Qxg6 Nf4 25. Qxf5+ e6 26. Qf7+ Kc6 27.
Qa7 Rd7 28. Qxa6+ 1-0

[Event "VII Open Settembre Vomero"]
[Site "Napoli ITA"]
[Date "2010.09.10"]
[Round "1"]
[White "Di Meo, Antonio"]
[Black "Gallina, Giacomo"]
[WhiteElo "1950"]
[BlackElo "1720"]
[Result "1-0"]
[PlyCount "131"]
[EventDate "2010.09.10"]

1. b3 Nc6 2. Bb2 d5 3. e3 Bf5 4. Nf3 Nb4 5. d3 e6 6. Be2 Nf6 7. O-O Bd6 8. a3
Nc6 9. c4 e5 10. cxd5 Ne7 11. Nxe5 Ng6 12. d4 Nxd5 13. Bf3 Be6 14. Nd2 c6 15.
Ne4 Bc7 16. Nc5 Qe7 17. Rc1 Bc8 18. Ncd3 Nh4 19. Bg4 h5 20. Bxc8 Rxc8 21. Nf3
Qd6 22. g3 g5 23. gxh4 g4 24. Nfe5 Rg8 25. Kh1 f6 26. Rg1 fxe5 27. Nxe5 Nf6 28.
Qd3 Qd5+ 29. f3 Bxe5 30. e4 Qd7 31. Qc4 Bf4 32. e5 Nd5 33. Rc2 Qe7 34. Qd3 Qxh4
35. Qh7 Qg5 36. e6 Rc7 37. Qe4 Ne3 38. Re2 Re7 39. Bc1 g3 40. Bxe3 Bxe3 41.
Rxg3 Qxg3 42. hxg3 Bh6 43. Qe5 Kf8 44. Qd6 Bg5 45. Re5 Bf6 46. Rxh5 Kg7 47. g4
Rge8 48. Qf4 Rxe6 49. Qh6+ Kf7 50. Qh7+ Bg7 51. Rf5+ Rf6 52. Rxf6+ Kxf6 53. g5+
Kf7 54. Qf5+ Ke7 55. g6 Rf8 56. Qe4+ Kf6 57. f4 Rh8+ 58. Kg2 Rh5 59. Kg3 Rd5
60. Qe8 Kf5 61. Qf7+ Bf6 62. g7 Rxd4 63. Qh5+ Ke4 64. Qe2+ Kf5 65. g8=Q Rxf4
66. Qh7+ 1-0

[Event "VII Open Settembre Vomero"]
[Site "Napoli ITA"]
[Date "2010.09.10"]
[Round "1"]
[White "Ficco, Corrado"]
[Black "Gallo, Thomas Renato"]
[WhiteElo "2117"]
[BlackElo "1863"]
[Result "1-0"]
[PlyCount "55"]
[EventDate "2010.09.10"]

1. e4 e6 2. d4 d5 3. Nc3 dxe4 4. Nxe4 Bd7 5. Nf3 Bc6 6. Bd3 Nd7 7. O-O Ngf6 8.
Qe2 Qe7 9. Ng3 g6 10. c4 Bg7 11. Bf4 O-O-O 12. Rfd1 h6 13. Ne5 Nxe5 14. Bxe5
Rhe8 15. Rdb1 Nh5 16. Bxg7 Nxg7 17. Qe3 Qh4 18. d5 exd5 19. Qxa7 d4 20. b4 f5
21. b5 Be4 22. Bxe4 Rxe4 23. Nxe4 Qxe4 24. Re1 Qh4 25. Qa8+ Kd7 26. Qxb7 Qf6
27. b6 Rc8 28. Qd5+ 1-0

[Event "VII Open Settembre Vomero"]
[Site "Napoli ITA"]
[Date "2010.09.10"]
[Round "1"]
[White "Iannotta, Francesco"]
[Black "Cosenza, Gianni"]
[WhiteElo "1687"]
[BlackElo "1925"]
[Result "0-1"]
[PlyCount "68"]
[EventDate "2010.09.10"]

1. e4 e6 2. d4 d5 3. exd5 exd5 4. Nf3 Bd6 5. Nc3 c6 6. Be2 Ne7 7. O-O Bf5 8.
Bg5 f6 9. Bh4 Nd7 10. Bg3 Nf8 11. Nh4 Be6 12. Bh5+ g6 13. Be2 Qd7 14. Na4 b6
15. Rc1 O-O-O 16. c3 f5 17. Bxd6 Qxd6 18. Qb3 Nd7 19. Ba6+ Kc7 20. Nf3 g5 21.
Rfe1 Rhg8 22. Ne5 Nb8 23. Nc5 Nxa6 24. Nxa6+ Kc8 25. c4 dxc4 26. Rxc4 Bxc4 27.
Qxc4 Qd5 28. Qb4 Rge8 29. Qa4 Qa5 30. Qxa5 bxa5 31. Rc1 Rxd4 32. Nc5 Rd5 33.
Nf7 Ng6 34. Nxg5 Rxc5 0-1

[Event "VII Open Settembre Vomero"]
[Site "Napoli ITA"]
[Date "2010.09.10"]
[Round "1"]
[White "Somma, Erminio"]
[Black "Esposito, Pino"]
[WhiteElo "1487"]
[BlackElo "1877"]
[Result "0-1"]
[PlyCount "80"]
[EventDate "2010.09.10"]

1. d4 Nf6 2. Nf3 g6 3. Nbd2 Bg7 4. e4 d6 5. Bd3 Nbd7 6. O-O e5 7. d5 O-O 8. c4
Nc5 9. Bc2 a5 10. a3 Nh5 11. Nb3 Nd7 12. Bg5 Qe8 13. Qd2 a4 14. Nc1 Nc5 15. Ne2
f5 16. exf5 gxf5 17. Bh6 Qg6 18. Bxg7 Qxg7 19. Qg5 Qxg5 20. Nxg5 Rf6 21. g4
fxg4 22. Bxh7+ Kg7 23. Bc2 Bf5 24. Bxf5 Rxf5 25. Ne6+ Nxe6 26. dxe6 Rf3 27.
Rfd1 Kf6 28. e7 Kxe7 29. Rd2 Nf6 30. Ng3 Rf8 31. Kg2 c6 32. Rad1 d5 33. cxd5
cxd5 34. Rd3 e4 35. Rxd5 Nxd5 36. Nxe4 Nf4+ 37. Kf1 Nd3 38. Rd2 Rc8 39. Re2
Rc1+ 40. Kg2 Nf4# 0-1

[Event "VII Open Settembre Vomero"]
[Site "Napoli ITA"]
[Date "2010.09.17"]
[Round "2"]
[White "Angelotti, Mario"]
[Black "Somma, Erminio"]
[WhiteElo "1845"]
[BlackElo "1487"]
[Result "1-0"]
[PlyCount "63"]
[EventDate "2010.09.10"]

1. e4 c6 2. d4 d5 3. Nd2 dxe4 4. Nxe4 Bf5 5. Ng3 Bg6 6. Nf3 Nd7 7. Bc4 e6 8.
O-O Bd6 9. Ng5 Nf8 10. Qf3 Qf6 11. Qb3 Qe7 12. a4 Nf6 13. Bd2 h6 14. Nh3 Ne4
15. Nxe4 Bxe4 16. Rae1 Bd5 17. Bxd5 cxd5 18. Bf4 b6 19. a5 Nd7 20. Bg3 O-O 21.
axb6 Nxb6 22. Qd3 Qc7 23. c3 a5 24. f4 a4 25. f5 Bxg3 26. hxg3 Qd6 27. f6 g6
28. Nf4 Nc4 29. Nxg6 Nxb2 30. Qc2 Rfb8 31. Ne7+ Kf8 32. Qh7 1-0

[Event "VII Open Settembre Vomero"]
[Site "Napoli ITA"]
[Date "2010.09.17"]
[Round "2"]
[White "Borrelli, Salvatore"]
[Black "Colli, Roberto"]
[WhiteElo "1963"]
[BlackElo "1739"]
[Result "1-0"]
[PlyCount "93"]
[EventDate "2010.09.10"]

1. e4 c5 2. c3 e6 3. d4 d5 4. exd5 Qxd5 5. Nf3 Nc6 6. Be3 cxd4 7. cxd4 Nf6 8.
Nc3 Qd8 9. Bc4 Be7 10. O-O a6 11. a4 O-O 12. Qe2 b6 13. Rfd1 Bb7 14. d5 exd5
15. Nxd5 Nxd5 16. Bxd5 Qc7 17. Rac1 Rfc8 18. Nd4 Nxd4 19. Rxd4 Qb8 20. Rcd1
Bxd5 21. Rxd5 Bc5 22. Rd7 Qe5 23. Qf3 Rf8 24. Bxc5 Qxc5 25. Rxf7 Rxf7 26. Qxa8+
Rf8 27. Qd5+ Qxd5 28. Rxd5 Rc8 29. Kf1 Rc2 30. Rd8+ Kf7 31. Ra8 a5 32. b3 Rb2
33. Rd8 Rxb3 34. Rd4 Rb4 35. Rxb4 axb4 36. Ke2 Ke6 37. Kd3 Kd5 38. f4 Kc5 39.
g4 b5 40. axb5 Kxb5 41. Kc2 Kc4 42. f5 b3+ 43. Kb2 h6 44. h4 Kd5 45. g5 Ke5 46.
f6 gxf6 47. gxh6 1-0

[Event "VII Open Settembre Vomero"]
[Site "Napoli ITA"]
[Date "2010.09.17"]
[Round "2"]
[White "D'Orta, Antonio"]
[Black "Miccoli, Livio"]
[WhiteElo "1910"]
[BlackElo "1706"]
[Result "1-0"]
[PlyCount "147"]
[EventDate "2010.09.10"]

1. e4 e6 2. d4 d5 3. e5 c5 4. c3 Nc6 5. Nf3 Qb6 6. a3 Bd7 7. Be2 c4 8. O-O Nge7
9. Nbd2 Nf5 10. Rb1 a5 11. b3 cxb3 12. Qxb3 Qxb3 13. Rxb3 Nd8 14. c4 dxc4 15.
Nxc4 Bc6 16. Nb6 Rb8 17. Rd1 Ne7 18. Bc4 Nd5 19. Nxd5 exd5 20. Bb5 b6 21. Bf4
Bxb5 22. Rxb5 Ne6 23. Bg3 Bxa3 24. Rxd5 b5 25. Ra1 Bb4 26. Rc1 O-O 27. Kf1 Rfd8
28. Rxd8+ Rxd8 29. Bh4 Rd7 30. Rc8+ Bf8 31. Ke2 Nf4+ 32. Kd2 h6 33. Bg3 Ne6 34.
Kc3 Kh7 35. Rb8 b4+ 36. Kc4 a4 37. d5 Rc7+ 38. Kd3 Nc5+ 39. Ke2 Nd7 40. Ra8
Rc2+ 41. Kd1 Ra2 42. e6 Ra1+ 43. Kc2 b3+ 44. Kb2 Ra2+ 45. Kb1 Ba3 46. Rxa4 fxe6
47. dxe6 Nc5 48. Rxa3 Rxa3 49. Bd6 Ra6 50. e7 Ra8 51. Bxc5 Re8 52. Ne5 Kg8 53.
Kb2 g5 54. Kxb3 Kg7 55. Kc4 Kf6 56. Kd5 Rxe7 57. Bxe7+ Kxe7 58. g4 Kf6 59. Kd6
Kg7 60. Ke6 Kh7 61. Kf6 h5 62. Kxg5 hxg4 63. Nxg4 Kg7 64. h4 Kh7 65. Nh6 Kg7
66. f4 Kh7 67. f5 Kg7 68. f6+ Kh7 69. Nf5 Kg8 70. Kg6 Kh8 71. Ng7 Kg8 72. Ne6
Kh8 73. h5 Kg8 74. f7+ 1-0

[Event "VII Open Settembre Vomero"]
[Site "Napoli ITA"]
[Date "2010.09.17"]
[Round "2"]
[White "Di Gennaro, Antonio"]
[Black "Caiazzo, Diego"]
[WhiteElo "1661"]
[BlackElo "1887"]
[Result "1-0"]
[PlyCount "75"]
[EventDate "2010.09.10"]

1. e4 e6 2. d4 d5 3. Nc3 dxe4 4. Nxe4 Nd7 5. Nf3 Ngf6 6. Bg5 Be7 7. Nxf6+ Nxf6
8. Bd3 O-O 9. Qe2 c5 10. O-O-O Qa5 11. a3 cxd4 12. Bxf6 Bxf6 13. Qe4 g6 14. h4
Qd5 15. Qf4 Bg7 16. Rde1 Qa2 17. h5 Qa1+ 18. Kd2 Qxb2 19. hxg6 Qc3+ 20. Ke2
fxg6 21. Qh4 h6 22. Bxg6 Qc4+ 23. Bd3 Qd5 24. Qg3 Rf6 25. Ne5 Qd6 26. Rh5 Rf5
27. Bxf5 exf5 28. Kf1 Bd7 29. Nxd7 Qxd7 30. Rxh6 Rc8 31. Qb3+ Kf8 32. Rhe6 Rc7
33. Qb4+ Kf7 34. Qb3 Kf8 35. Qh3 Qf7 36. Qh4 Rd7 37. Qf4 Qh5 38. Qb8+ 1-0

[Event "VII Open Settembre Vomero"]
[Site "Napoli ITA"]
[Date "2010.09.17"]
[Round "2"]
[White "Esposito, Pino"]
[Black "De Rosa, Francesco"]
[WhiteElo "1877"]
[BlackElo "1994"]
[Result "0-1"]
[PlyCount "76"]
[EventDate "2010.09.10"]

1. d4 Nf6 2. c4 c5 3. e3 g6 4. Nf3 cxd4 5. exd4 d5 6. Nc3 Bg7 7. h3 O-O 8. cxd5
Nxd5 9. Bc4 Nb6 10. Bb3 e6 11. O-O Nc6 12. Bg5 Qd6 13. Ne4 Qc7 14. Qd2 Nd5 15.
Bxd5 exd5 16. Nf6+ Kh8 17. Ne5 Be6 18. Qf4 Nxe5 19. Kh1 Qc2 20. dxe5 Qc4 21.
Qg3 h6 22. Rac1 Qa4 23. b3 Qb4 24. a3 Qxa3 25. Qh4 h5 26. Nxh5 gxh5 27. Bf6
Rfc8 28. Qxh5+ Kg8 29. Qg5 Qf8 30. Rcd1 Kh7 31. Qh5+ Bh6 32. Rd3 Qb4 33. Bg5
Qf8 34. Bf6 Qb4 35. Bg5 Qf8 36. Rf3 Qg7 37. Rf6 Qxg5 38. Qf3 Rg8 0-1

[Event "VII Open Settembre Vomero"]
[Site "Napoli ITA"]
[Date "2010.09.17"]
[Round "2"]
[White "Gallina, Giacomo"]
[Black "Bevilacqua, Michele"]
[WhiteElo "1720"]
[BlackElo "1820"]
[Result "0-1"]
[PlyCount "58"]
[EventDate "2010.09.10"]

1. e4 d5 2. e5 Bf5 3. f4 e6 4. Nf3 c5 5. Be2 Nc6 6. a3 a6 7. O-O Qb6 8. Kh1
Nge7 9. c4 d4 10. d3 h6 11. Nh4 Bh7 12. Bh5 g6 13. Bg4 O-O-O 14. Nd2 g5 15.
fxg5 hxg5 16. Nhf3 Bxd3 17. Re1 Ng6 18. b3 Bg7 19. Ne4 Ngxe5 20. Nexg5 Nxf3 21.
Nxf3 Bg6 22. Bb2 Kb8 23. Qd2 e5 24. Ng5 Bh6 25. Rf1 Qc7 26. Rf6 e4 27. Ne6 fxe6
28. Qe1 Bd2 29. Qg1 Be3 0-1

[Event "VII Open Settembre Vomero"]
[Site "Napoli ITA"]
[Date "2010.09.17"]
[Round "2"]
[White "Gallo, Thomas Renato"]
[Black "Iannotta, Francesco"]
[WhiteElo "1863"]
[BlackElo "1687"]
[Result "1-0"]
[PlyCount "97"]
[EventDate "2010.09.10"]

1. d4 d5 2. Bf4 Nf6 3. e3 Bf5 4. Nf3 e6 5. c3 c5 6. Qb3 Qc8 7. Nbd2 Nbd7 8. h3
a6 9. c4 Be7 10. Be2 O-O 11. Nh4 Bg6 12. Nxg6 hxg6 13. O-O Qc6 14. Bf3 Qb6 15.
cxd5 Qxb3 16. Nxb3 exd5 17. Nxc5 Bxc5 18. dxc5 Nxc5 19. Rfd1 Nce4 20. Be5 Rad8
21. Rac1 Ng5 22. Be2 Ne6 23. f3 Rfe8 24. Kf2 Rc8 25. Bc3 Red8 26. Bd3 d4 27.
Ba5 Rxc1 28. Rxc1 dxe3+ 29. Kxe3 Nd5+ 30. Kf2 Ndf4 31. Be4 Nd3+ 32. Bxd3 Rxd3
33. Rc4 Rd4 34. Rc8+ Kh7 35. Bc3 Rd8 36. Rc4 Rd7 37. a3 Rc7 38. Rxc7 Nxc7 39.
Ke2 Nd5 40. Bd2 f6 41. Kd3 g5 42. Kd4 Nf4 43. Bxf4 gxf4 44. Ke4 g5 45. Kf5 Kg7
46. b3 Kf7 47. h4 Ke7 48. h5 Kf7 49. h6 1-0

[Event "VII Open Settembre Vomero"]
[Site "Napoli ITA"]
[Date "2010.09.17"]
[Round "2"]
[White "Pinto, Gaetano"]
[Black "Franzese, Luigi"]
[WhiteElo "2048"]
[BlackElo "1808"]
[Result "1-0"]
[PlyCount "91"]
[EventDate "2010.09.10"]

1. e4 c5 2. c3 d6 3. d4 cxd4 4. cxd4 Nf6 5. Nc3 e6 6. Nf3 Be7 7. Bd3 a6 8. O-O
O-O 9. Qe2 Nc6 10. Bf4 Bd7 11. Rac1 Rc8 12. Rfd1 b5 13. h3 Qb6 14. e5 Ne8 15.
Ne4 f5 16. exf6 gxf6 17. d5 Nb4 18. dxe6 Rxc1 19. Bxc1 Nxd3 20. Rxd3 Bc6 21.
Nd4 Bxe4 22. Qxe4 Kh8 23. Nf5 Qc7 24. Rc3 Qd8 25. Rg3 d5 26. Qg4 Bd6 27. Nxd6
Qxd6 28. Bh6 Qe7 29. Bxf8 Qxf8 30. Qf5 Qd6 31. Rd3 d4 32. Qe4 Qe5 33. Rxd4 Qxe4
34. Rxe4 Kg7 35. Rd4 Kf8 36. Rd7 h5 37. Ra7 a5 38. Rxa5 Nd6 39. Ra7 Ke8 40. Rd7
Nc4 41. b3 Ne5 42. Rb7 b4 43. Rxb4 Ke7 44. Re4 Nd3 45. Re3 Nc5 46. f4 1-0

[Event "VII Open Settembre Vomero"]
[Site "Napoli ITA"]
[Date "2010.09.17"]
[Round "2"]
[White "Seletsky, Grigory"]
[Black "Solombrino, Giovanni"]
[WhiteElo "2295"]
[BlackElo "1848"]
[Result "1-0"]
[PlyCount "89"]
[EventDate "2010.09.10"]

1. e4 c5 2. Nf3 Nc6 3. d4 cxd4 4. Nxd4 g6 5. Nc3 Bg7 6. Be3 Nf6 7. Nb3 d6 8.
Be2 O-O 9. f4 b6 10. Bf3 Bb7 11. O-O Nd7 12. Qd2 Nc5 13. Rfd1 Qc8 14. Nd4 Nxd4
15. Bxd4 Bxd4+ 16. Qxd4 Ne6 17. Qd2 Qc5+ 18. Kh1 Rac8 19. Rac1 Rfd8 20. Nd5
Bxd5 21. exd5 Ng7 22. c4 a5 23. Bg4 Rc7 24. b3 f5 25. Bf3 Ra8 26. a4 Rd8 27.
Re1 Re8 28. Re3 Rd7 29. Rce1 h5 30. h3 Kf7 31. g4 hxg4 32. hxg4 Rh8+ 33. Kg2
Qc8 34. Bd1 Rb7 35. Qe2 Qf8 36. Bc2 Ke8 37. Rh1 Rxh1 38. Kxh1 Qh8+ 39. Kg2 Qh4
40. Rh3 Qxg4+ 41. Qxg4 fxg4 42. Bxg6+ Kd8 43. Rh8+ Kc7 44. f5 Rb8 45. Rh4 $138
1-0

[Event "VII Open Settembre Vomero"]
[Site "Napoli ITA"]
[Date "2010.09.17"]
[Round "2"]
[White "Sgammato, Francesco"]
[Black "De Biase, Arcangelo"]
[WhiteElo "1614"]
[BlackElo "1867"]
[Result "1-0"]
[PlyCount "77"]
[EventDate "2010.09.10"]

1. c4 e5 2. Nc3 Nf6 3. Nf3 Nc6 4. a3 a5 5. g3 Bc5 6. Bg2 O-O 7. O-O d6 8. e3
Bg4 9. Qc2 Qd7 10. Re1 Rfe8 11. d3 Bb6 12. Bd2 Rab8 13. Rac1 Bf5 14. Nd5 Nxd5
15. cxd5 Ne7 16. e4 Bg4 17. b4 axb4 18. Bxb4 Ra8 19. Nd2 f5 20. Nc4 Bd4 21. Na5
Bb6 22. Nc4 Ba7 23. Ne3 Bxe3 24. fxe3 Rac8 25. h3 Bh5 26. Rf1 Rf8 27. Kh2 Bg6
28. Qe2 Qb5 29. Rc2 fxe4 30. Rxf8+ Rxf8 31. dxe4 Qb6 32. Rc3 Be8 33. Qc4 c5 34.
dxc6+ Bf7 35. Qd3 bxc6 36. Qxd6 Re8 37. Qd7 Ng6 38. Qxc6 Qa7 39. Qd6 1-0

[Event "VII Open Settembre Vomero"]
[Site "Napoli ITA"]
[Date "2010.10.01"]
[Round "3"]
[White "Borrelli, Salvatore"]
[Black "Seletsky, Grigory"]
[WhiteElo "1963"]
[BlackElo "2295"]
[Result "0-1"]
[PlyCount "36"]
[EventDate "2010.09.10"]

1. e4 Nc6 2. Nf3 d5 3. exd5 Qxd5 4. d4 Bg4 5. Be2 O-O-O 6. c4 Qf5 7. Be3 Nf6 8.
O-O e6 9. Nbd2 Bb4 10. Nh4 Qh5 11. Bxg4 Nxg4 12. Ndf3 Nxe3 13. fxe3 g5 14. g4
Qxg4+ 15. Ng2 Bd6 16. Nd2 Qh3 17. Qf3 Qxh2+ 18. Kf2 g4 0-1

[Event "VII Open Settembre Vomero"]
[Site "Napoli ITA"]
[Date "2010.10.01"]
[Round "3"]
[White "Caiazzo, Diego"]
[Black "Angelotti, Mario"]
[WhiteElo "1887"]
[BlackElo "1845"]
[Result "1/2-1/2"]
[PlyCount "120"]
[EventDate "2010.09.10"]

1. b3 d5 2. Nf3 Nf6 3. e3 g6 4. Bb2 Bg7 5. Be2 c5 6. O-O Nc6 7. d4 b6 8. dxc5
bxc5 9. c4 e6 10. cxd5 exd5 11. Nbd2 O-O 12. Qc2 Qb6 13. Rac1 Nb4 14. Qxc5 Qxc5
15. Rxc5 Nxa2 16. Ra1 Nb4 17. Ra4 a5 18. Raxa5 Bf5 19. Nd4 Bd3 20. h3 Bxe2 21.
Nxe2 Nd3 22. Bxf6 Nxc5 23. Rxc5 Bxf6 24. Rxd5 Ra2 25. Ng3 Rd8 26. Rxd8+ Bxd8
27. Nc4 Ra1+ 28. Nf1 Rb1 29. Ncd2 Rb2 30. g3 Ba5 31. Nc4 Ra2 32. Nxa5 Rxa5 33.
Nd2 Ra2 34. Nc4 Ra1+ 35. Kg2 Rb1 36. Na5 Kf8 37. Kf3 Ke8 38. Ke4 Kd7 39. Nb7
Kc7 40. Nc5 Kc6 41. Kd4 Rb2 42. f4 Rh2 43. h4 h5 44. Nd3 Rd2 45. Ke4 f5+ 46.
Kd4 Rg2 47. Ne5+ Kd6 48. Nxg6 Rxg3 49. Ne5 Rh3 50. Ng6 Ke6 51. b4 Kf6 52. Ne5
Rxh4 53. b5 Rh1 54. Nf3 h4 55. b6 h3 56. Kd5 Rb1 57. Kc6 Rc1+ 58. Kd5 Rd1+ 59.
Kc6 Rc1+ 60. Kd6 Rd1+ 1/2-1/2

[Event "VII Open Settembre Vomero"]
[Site "Napoli ITA"]
[Date "2010.10.01"]
[Round "3"]
[White "Colli, Roberto"]
[Black "Esposito, Rosario"]
[WhiteElo "1739"]
[BlackElo "1823"]
[Result "1-0"]
[PlyCount "51"]
[EventDate "2010.09.10"]

1. d4 Nf6 2. c4 g6 3. Nf3 Bg7 4. g3 d5 5. Bg2 O-O 6. O-O dxc4 7. Ne5 Nd5 8.
Nxc4 Nc6 9. e4 Ndb4 10. a3 Na6 11. d5 Nd4 12. Be3 c5 13. Nc3 b5 14. Bxd4 Bxd4
15. Nxb5 Bxb2 16. Nxb2 Qb6 17. a4 Qf6 18. Qc2 Nb4 19. Qc3 Qxc3 20. Nxc3 Rb8 21.
Rab1 Ba6 22. Rfc1 Rfc8 23. Bf1 c4 24. Nb5 Bxb5 25. axb5 c3 26. Nc4 1-0

[Event "VII Open Settembre Vomero"]
[Site "Napoli ITA"]
[Date "2010.10.01"]
[Round "3"]
[White "Cosenza, Gianni"]
[Black "Di Gennaro, Antonio"]
[WhiteElo "1925"]
[BlackElo "1661"]
[Result "1-0"]
[PlyCount "83"]
[EventDate "2010.09.10"]

1. e4 c5 2. Nf3 d6 3. d4 cxd4 4. Nxd4 Nf6 5. Nc3 a6 6. Be2 e5 7. Nb3 Be7 8. Be3
Be6 9. Bf3 Nbd7 10. O-O O-O 11. Re1 Nb6 12. Nd2 Rc8 13. a4 Nc4 14. Nxc4 Rxc4
15. a5 Qd7 16. Qd2 Rfc8 17. Red1 h6 18. Rac1 Kh8 19. Qd3 Kg8 20. Bb6 Kh8 21.
Be2 R4c6 22. f3 Rg8 23. Nd5 Bd8 24. c4 Bxb6+ 25. Nxb6 Qd8 26. b4 Qc7 27. Qe3
Qb8 28. Nd5 Qd8 29. c5 Bxd5 30. exd5 Rc8 31. c6 bxc6 32. Bxa6 Nxd5 33. Rxd5
cxd5 34. Rxc8 Qh4 35. Rxg8+ Kxg8 36. Qd2 d4 37. b5 f5 38. b6 e4 39. b7 Qd8 40.
Qxd4 d5 41. Qc5 d4 42. Qc8 1-0

[Event "VII Open Settembre Vomero"]
[Site "Napoli ITA"]
[Date "2010.10.01"]
[Round "3"]
[White "Della Corte, Alessandro"]
[Black "De Rosa, Francesco"]
[WhiteElo "2261"]
[BlackElo "1994"]
[Result "1-0"]
[PlyCount "105"]
[EventDate "2010.09.10"]

1. e4 c5 2. Nf3 Nc6 3. d4 cxd4 4. Nxd4 Nf6 5. Nc3 e5 6. Ndb5 d6 7. Bg5 a6 8.
Na3 b5 9. Nd5 Be7 10. Bxf6 Bxf6 11. c4 b4 12. Nc2 a5 13. Be2 Bg5 14. O-O O-O
15. Qd3 Be6 16. a3 bxa3 17. Rxa3 Bxd5 18. Qxd5 Qb6 19. b3 Rfd8 20. Qb5 Qc5 21.
Rd1 Nd4 22. Qxc5 Nxe2+ 23. Kf1 dxc5 24. Kxe2 Rxd1 25. Kxd1 Rd8+ 26. Ke1 Bc1 27.
Ra1 Bb2 28. Rd1 Bd4 29. Ke2 Kf8 30. g3 g6 31. f4 Ke7 32. fxe5 Bxe5 33. Rd5 Rxd5
34. cxd5 h5 35. Ne3 h4 36. Kf3 hxg3 37. hxg3 f6 38. Nc4 Bc7 39. g4 Kd7 40. Ke3
Ke7 41. Kd3 Kd7 42. Ne3 Kd6 43. Nc4+ Kd7 44. Kc3 Bg3 45. Kb2 Bc7 46. Ka3 f5 47.
exf5 gxf5 48. gxf5 Bd8 49. Ka4 Ke7 50. Kb5 Kf6 51. Kxc5 Kxf5 52. Nd6+ Kf6 53.
Nb7 1-0

[Event "VII Open Settembre Vomero"]
[Site "Napoli ITA"]
[Date "2010.10.01"]
[Round "3"]
[White "Franzese, Luigi"]
[Black "Solombrino, Giovanni"]
[WhiteElo "1808"]
[BlackElo "1848"]
[Result "1-0"]
[PlyCount "63"]
[EventDate "2010.09.10"]

1. e4 c5 2. Nf3 Nc6 3. d4 cxd4 4. Nxd4 g6 5. Be3 Bg7 6. Nc3 Nf6 7. f3 O-O 8.
Qd2 d5 9. O-O-O dxe4 10. Nxc6 Qxd2+ 11. Rxd2 bxc6 12. Nxe4 Nd5 13. Bd4 Bh6 14.
Bc4 Bxd2+ 15. Nxd2 Rd8 16. Bb3 Nf4 17. Bc5 e6 18. Ne4 Kg7 19. g3 Ne2+ 20. Kb1
Ba6 21. Be7 Re8 22. Bf6+ Kg8 23. Nc5 Bc8 24. Re1 Nxg3 25. hxg3 h6 26. Rh1 Kh7
27. g4 a5 28. Ba4 Ra7 29. Bxc6 Rg8 30. Ne4 h5 31. gxh5 gxh5 32. Bd4 1-0